000
00308nam a22001457a 4500
008
221104b ||||| |||| 00| 0 eng d
020
_a
9789996024573
041
_a
eng
080
_a
611
082
_a
611 THI
100
_a
10.1
101
_a
ANAT
245
_a
HUMAN BODY
_c
THIBODEAU G
942
_2
udc
_c
BK
999
_c
58743
_d
58743